| 000 | 00484nam a2200193Ia 4500 | ||
|---|---|---|---|
| 005 | 20140403135432.0 | ||
| 008 | 140130s9999 xx 000 0 und d | ||
| 020 | _a978059023781 | ||
| 050 |
_aPZ 7 _b.H332Hai 1997 |
||
| 100 |
_aHartley, Susan. _931093 |
||
| 245 |
_cSusan Hartley. _aThe Haircut / |
||
| 260 |
_bScholastic, _c1997. _aUSA : |
||
| 300 |
_a8 p. : _bill. col. ; _c22 cm. |
||
| 440 |
_v1 _931094 |
||
| 521 | _aBR | ||
| 526 | _cBR | ||
| 942 |
_cBK _2lcc |
||
| 999 |
_c41495 _d41495 |
||